000 00309nam a2200121Ia 4500
008 190723s9999 xx 000 0 und d
020 _a978-81-265-6048-6
100 _aWilliam Penberthy
245 0 _aBeginning ASP.NET for visual studio 2015
260 _aIndiana
_bWrox
_c2016
300 _a764.:p
942 _cBK
999 _c1610
_d1610